000 00585nam a22001817a 4500
005 20251108173022.0
008 250721s1999 xx 000 0 ara d
082 1 4 _a811.1/ربي
100 1 _aربيعه بن مفروم، ربيعه بن مقروم بن قيس الضبي
_eتحقيق
245 1 0 _aديوان ربيعة بن مقروم الضبي /
264 1 _aبيروت :
_bدار صادر،
_c1999.
300 _a175ص
650 1 7 _aالفاطميون 909-1171
650 1 7 _aالشعر العربي
700 1 _aناجي، هلال
942 _2ddc
_cBK
999 _c94151
_d94151